| 000 | 00855nam a22002297a 4500 | ||
|---|---|---|---|
| 999 |
_c3222 _d3222 |
||
| 003 | AR-CdUCM | ||
| 008 | 190306b ||||| |||| 00| 0 spa d | ||
| 040 |
_aMUNICIPALIDAD PROVINCIAL DEL CUSCO _cBIBLIOTECA MUNICIPAL DEL CUSCO |
||
| 082 |
_a869.508 / _bT81 |
||
| 100 |
_aTristán, Flora _95032 |
||
| 245 | _aEnsayos escogidos / Flora Tristán | ||
| 260 |
_aLima : _bPEISA, _c1974. |
||
| 300 |
_a190 páginas ; _c16.5 cm |
||
| 505 | _aContenido: Lima y sus costumbres -- Arequipa y sus costumbres -- La emancipación de la mujer -- Cartas de Bolívar -- Lóndres, la ciudad monstruo ... | ||
| 650 |
_aEnsayos - Siglo XX _910789 |
||
| 650 |
_aEnsayos peruanos _9233 |
||
| 650 |
_aEnsayos - Flora tristán _910790 |
||
| 650 |
_aCostumbrismo - Ensayos _910791 |
||
| 700 |
_aNúñez, Estuardo (Prólogo) _910792 |
||
| 942 |
_2ddc _cLIBROS |
||
| 945 | _alccs | ||